Estadísticas para Capitales Costeras

Haz click aquí para intentar la prueba.

Estadísticas generales

  • Esta prueba ha sido intentada 27 veces
  • La puntuación promedio es 31 de 62

Estadísticas de respuestas

PaísCapital CosteraBaña su costa.% Correcto
ArgentinaBuenos AiresRío de la Plata (Océano Atlántico)
91%
CubaLa HabanaOcéano Atlántico
91%
Países BajosAmsterdamMar del Norte
87%
GreciaAtenasMar Egeo
87%
IrlandaDublínMar Irlandés
87%
PerúLimaOcéano Pacífico
87%
PortugalLisboaEstuario del Tajo (Océano Atlántico)
87%
JapónTokioOcéano Pacífico
87%
PanamáCiudad de PanamáOcéano Pacífico
83%
UruguayMontevideoRío de la Plata (Océano Atlántico)
83%
MarruecosRabatOcéano Atlántico
83%
IslandiaReikiavikOcéano Atlántico
83%
MónacoMónacoMar Mediterraneo
78%
TúnezTunezMar Mediterraneo
78%
ArgeliaArgelMar Mediterraneo
74%
SingapurSingapurMar de la China Meridional
74%
Emiratos Árabes UnidosAbu DabiGolfo Pérsico
70%
FinlandiaHelsinkiMar Báltico
65%
KuwaitKuwaitGolfo Pérsico
65%
FilipinasManilaMar de la China Meridional
65%
LibiaTripoliMar Mediterraneo
65%
SudáfricaCiudad del CaboOcéano Atlántico / Océano Índico
61%
SueciaEstocolmoMar Báltico
61%
Nueva ZelandaWellingtonOcéano Pacífico
61%
AzerbaiyánBakúMar Caspio
57%
DinamarcaCopenhagueMar Báltico
57%
EstoniaTallinMar Báltico
57%
SenegalDakarOcéano Atlántico
52%
QatarDohaGolfo Pérsico
52%
LetoniaRigaMar Báltico
52%
República DominicanaSanto DomingoMar Caribe
52%
IndonesiaYakartaMar de Java
52%
HaitíPuerto PríncipeMar Caribe
48%
BahamasNasauOcéano Atlántico
43%
Trinidad y TobagoPuerto EspañaMar Caribe
39%
GuyanaGeorgetownMar Caribe
35%
AngolaLuandaOcéano Atlántico
35%
MozambiqueMaputoOcéano Índico
35%
SomaliaMogadiscioOcéano Índico
35%
YibutiYibutiMar Rojo
35%
Timor OrientalDiliOcéano Pacífico
30%
JamaicaKingstonMar Caribe
30%
San Vicente y las GranadinasKingstownMar Caribe
30%
OmanMascateGolfo de Omán
30%
LiberiaMonroviaOcéano Atlántico
30%
MauritaniaNuakchotOceano Atlántico
30%
SurinamParamariboMar Caribe
30%
GhanaAcraOcéano Atlántico
26%
GambiaBanjulOcéano Atlántico
26%
GabónLibrevilleOcéano Atlántico
26%
TogoLoméOcéano Atlántico
26%
MaldivasMaleOcéano Índico
26%
BahreinManamaGolfo Pérsico
26%
Sri LankaColomboOcéano Índico
22%
BenínPorto NovoOcéano Atlántico
22%
SeychellesVictoriaOcéano Índico
22%
GuineaConacryOcéano Atlántico
17%
Santa LucíaCastriesMar Caribe
13%
ComorasMoroniOcéano Índico
13%
DominicaRoseauMar Caribe
13%
BarbadosBridgetownMar Caribe
9%
San Cristobal y NievesBasseterreMar Caribe
4%

Distribución de puntuación

Porcentaje por número respondido

Porcentaje de gente con cada puntuación

Historial de tus puntuaciones

No has intentado esta prueba.